000 00879nmc a2200337 a 4500
003 AR-BaBNM
005 20251128210905.0
008 101020s2000 ||||||||||||||000 | spa||
020 _a950-802-101-2
040 _cAR-BaBNM
245 1 0 _aLa familia en la sociedad pluralista
250 _a1ª ed.
260 _aBuenos Aires
_bEspacio Editorial
_c2000
300 0 _a311 p.
490 0 _aCiencias Sociales
650 4 _aFAMILIA
650 4 _aMATRIMONIO
650 4 _aESTRUCTURA SOCIAL
650 4 _aINVESTIGACION SOCIAL
650 4 _aEDUCACION FAMILIAR
650 4 _aINFLUENCIA FAMILIAR
650 4 _aPROBLEMAS SOCIALES
650 4 _aVIDA FAMILIAR
650 4 _aCOMPORTAMIENTO SEXUAL
650 4 _aSIGLO VEINTE
650 4 _aMUJERES
700 1 _aArtola, Amanda
_ecompilador
700 1 _aPiezzi, Ramón
_ecompilador
942 _cBK
998 _cMariana
999 _c17320
_d17320